"Εγχειρίδιο ναυτολογίας" : πλοίο ναυτιλιακά έγγραφα και βιβλία, πιστοποιητικά SOLAS, γραμμής φόρτωσης, MARPOL... : ναυτικός απογραφή, αποδεικτικά ναυτικής ικανότητας...
Αποθηκεύτηκε σε:
| Κύριος συγγραφέας: | |
|---|---|
| Μορφή: | Βιβλίο |
| Γλώσσα: | Greek |
| Δημοσίευση: |
Πειραιάς :
J&J Hellas,
1998
|
| Θέματα: | |
| Ετικέτες: |
Προσθήκη ετικέτας
Δεν υπάρχουν, Καταχωρήστε ετικέτα πρώτοι!
|
MARC
| LEADER | 00000cam a2200000 i 4500 | ||
|---|---|---|---|
| 001 | 1/10451 | ||
| 008 | 000901s1998 gre d | ||
| 020 | |a 960-8461-12-X | ||
| 035 | |l 10063438 | ||
| 040 | |a GR-MY-UA |b gre |e aacr | ||
| 041 | 0 | |a gre | |
| 082 | 0 | |a 623.88 | |
| 100 | 1 | |a Δεληγιάννης, Χαράλαμπος Α. | |
| 245 | 1 | 0 | |a "Εγχειρίδιο ναυτολογίας" : |b πλοίο ναυτιλιακά έγγραφα και βιβλία, πιστοποιητικά SOLAS, γραμμής φόρτωσης, MARPOL... : ναυτικός απογραφή, αποδεικτικά ναυτικής ικανότητας... / |c Χαράλαμπου Α. Δεληγιάννη |
| 260 | |a Πειραιάς : |b J&J Hellas, |c 1998 | ||
| 300 | |a 337 σ.; |c 24 cm | ||
| 504 | |a Περιέχει βιβλιογραφία | ||
| 650 | 0 | 0 | |a Seamanship. |
| 650 | 0 | 0 | |a Ship handling |x Handbooks, manuals, etc. |
| 852 | |a INST |b CHIOS |e 20000901 |h 623.88 ΔΕΛ |p 005200018502 |q 005200018502 |t BK |y 0 | ||
| 901 | |a BIBL2-2000-2 | ||
| 909 | |a Χ |b 074578 | ||
| 970 | |z 2000/08/Litsa | ||